Environmentálne manažérstvo v integrovanom systéme

Salvato in:
Dettagli Bibliografici
Autore principale: Majerník, Milan, 1952-
Ente Autore: Ekonomická univerzita v Bratislave. Podnikovohospodárska fakulta so sídlom v Košiciach
Altri autori: Mihok, Jozef, Tkáč, Michal, 1958-, Bosák, Martin, 1967-, Szaryszová, Petra, 1984-, Tarča, Alexander, Hodolič, Janko, Hronec, Ondrej
Natura: Libro
Lingua:slovacco
Pubblicazione: [S.l.] [s.n.] 2013
Edizione:1. vyd.
Soggetti:
Tags: Aggiungi Tag
Nessun Tag, puoi essere il primo ad aggiungerne!!

MARC

LEADER 00000nam a2200000 4500
001 0183624
005 20240502073137.7
020 |a 978-80-971555-1-3 
041 0 |a slo 
044 |a SK 
245 1 0 |a Environmentálne manažérstvo v integrovanom systéme  |c Milan Majerník ... [et al.] ; recenzenti: Janko Hodolič, Ondrej Hronec 
250 |a 1. vyd. 
264 1 |a [S.l.]  |b [s.n.]  |c 2013 
300 |a 302 s. [15,1 AH] 
610 2 0 |a manažment environmentálny 
610 2 0 |a rozvoj trvalo udržateľný 
610 2 0 |a systémy environmentálne manažérske 
610 2 0 |a účtovníctvo nákladové 
100 1 |a Majerník, Milan, 1952- 
700 1 |a Mihok, Jozef 
700 1 |a Tkáč, Michal, 1958- 
700 1 |a Bosák, Martin, 1967- 
700 1 |a Szaryszová, Petra, 1984- 
700 1 |a Tarča, Alexander 
700 1 |a Hodolič, Janko 
700 1 |a Hronec, Ondrej 
710 2 |a Ekonomická univerzita v Bratislave. Podnikovohospodárska fakulta so sídlom v Košiciach